00657 2200205 4500001002100000008004100021035002000062245010100082100001200183260004200195300002800237020002200265084001600287520006000303520003200363082001000395650002200405990001200427990001200439INLIS000000000016129 ind  a0010-0423000146 aX-Venture Xplorer: Perang Penguasa Laut-Hiu Vs Ikan TodakcSlailum;Editor, Irene Heni Indrasakti aSLAILUM aJakarta :bBhuana ilmu Populer,c2019 a159 hlm.: ilus.c22 cm. a978-623-216-269-3 a741.5 SLA x aJudul Asli:X-Venture Primal Power Series: Fish Of Furry aPengalih Bahasa,Surli Tania a741.5 aKOMIK. PENDIDIKAN a10959 a a10959 b